| 000 | 01316nam a2200349 i 4500 | ||
|---|---|---|---|
| 001 | bg | ||
| 111 | 2 |
_aIEEE International Conference on Methods and models in automation and robotics _n(3 ; _d1996 ; _cMiędzyzdroje). |
|
| 245 | 0 | 0 |
_aProceedings of the 3rd International Symposium Methods and models in Automation and Robotics : _b: MMAR'96 : 10-13 September 1996, Międzyzdroje, Poland. _nVol. 3 / _cedts S. Bańka, S. Domek, Z. Emirsajłow. |
| 246 | 3 | 0 | _aMethods and models in automation and robotics |
| 246 | 3 | 1 | _aMMAR'96 |
| 260 |
_a[Szczecin] : _bWydawnictwo Uczelniane Politechniki Szczecińskiej, _c1996. |
||
| 300 |
_as. 841-1276 : _bfot., rys., wykr. ; _c30 cm. |
||
| 504 | _aBibliogr. przy ref. -Indeks autorów. | ||
| 650 | 9 |
_aAutomatyka _xzagadnienia |
|
| 650 | 9 |
_aAutomaty _xteoria |
|
| 650 | 9 |
_aSterowanie _xteoria |
|
| 650 | 9 |
_aSymulacja _xstosowanie _xtechnika |
|
| 650 | 9 |
_aSieci neuronowe _xzagadnienia |
|
| 655 | _aMateriały konferencyjne | ||
| 700 | 1 |
_aBańka, Stanisław. _c(1944- ). _eRed. |
|
| 700 | 1 |
_aDomek, Stefan. _eRed. |
|
| 700 | 1 |
_aEmirsajłow, Zbigniew. _eRed. |
|
| 020 | _a8386359986 | ||
| 040 | _cBPK | ||
| 041 | 0 | _aen | |
| 080 | _a681.5 | ||
| 080 | _a62-52 | ||
| 080 | _a(06) | ||
| 920 | _a83-86359-98-6 | ||
| 942 | _cKS | ||
| 008 | s pl f |000 0 pol | ||
| 999 |
_c31664 _d31664 |
||